000 00453nam a2200133Ia 4500
008 151001s9999||||xx |||||||||||||| ||und||
100 _aश द जावडेकर
245 _aसत्याग्रही समाजवाद
250 _a1
260 _bमहाराष्ट्र राज्य साहित्य संस्कुती मंडळ मुंबई
260 _c१९९४
300 _a352
365 _b21
999 _c1000763
_d1000760